000 00663nam a2200229 4500
001 6032
010 _a9789895379323
021 _b506571/22
090 _a6032
100 _a20250930d2022 c y0pory50030103ba
200 1 _aO pequeno ladrão de palavras
_fNathalie Minne
_gtrad. Fernanda Gonçalves
210 9 _a[S.l.]
_cPaleta de Letras
_d2022
215 _a[26] p.
_cil.
606 _914
_aLiteratura infantil
606 _913
_aLiteratura Estrangeira
675 _a82-93
_vBN
_zpor
675 _a821.1/.8
_vBN
_zpor
700 _aMinne
_bNathalie
_95722
702 _95723
_aGonçalves
_bFernanda
801 0 _aPT
_bBEN2VN
_gRPC
830 _cTânia Croca
_d30/09/2025
990 _cLIVROS